Slowly, we are growing together - European economic policy and statistics

ECB, Eurostat, ESCB, ESS, CMFB a ich zodpovednosť pri evidencii európskych ekonomických štatistík. EFSF, resp. ESRB (Risk dashboard) a hodnotenie výkonu ekonomík vybranými indikátormi. MIP (Macroeconomic imbalances procedure) a EDP (Excessive deficit procedure) - postupy v prípade ohrozenia ekonomik...

ver descrição completa

Na minha lista:
Detalhes bibliográficos
Autor principal: Schubert, A.H
Outros Autores: Serna, Luis
Formato: Capítulo de Livro
Idioma:inglês
Assuntos:
Tags: Adicionar Tag
Sem tags, seja o primeiro a adicionar uma tag!

MARC

LEADER 00000naa a2200000 4500
001 0190948
005 20240417075046.6
041 0 |a eng 
044 |a CZ 
245 1 0 |a Slowly, we are growing together - European economic policy and statistics  |c A.H. Schubert, Luis Serna 
520 |a ECB, Eurostat, ESCB, ESS, CMFB a ich zodpovednosť pri evidencii európskych ekonomických štatistík. EFSF, resp. ESRB (Risk dashboard) a hodnotenie výkonu ekonomík vybranými indikátormi. MIP (Macroeconomic imbalances procedure) a EDP (Excessive deficit procedure) - postupy v prípade ohrozenia ekonomiky podľa článkov o fungovaní EÚ. 
610 2 0 |a Európska centrálna banka 
610 2 0 |a štatistika ekonomická 
610 2 0 |a úrady štatistické 
610 2 0 |a nerovnováha hospodárska 
610 2 0 |a parametre ekonomické 
610 2 0 |a riziko 
610 2 0 |a politika bilančná 
100 1 |a Schubert, A.H. 
700 1 |a Serna, Luis